00210nam a22000857a 4500100001900000245005600019260002600075300000700101650001600108 aPerera,A.A.D.N aInduction of Antibiotic Resistance Into Food Chains aColombobIchemcc2015 a29 afood chains